La fotografìa y la construcción de un imaginario : (Record no. 176754)

MARC details
000 -CABECERA
campo de control de longitud fija 00825nam a2200229 a 4500
005 - FECHA Y HORA DE LA ÚLTIMA TRANSACCIÓN
campo de control 20250213063816.0
008 - ELEMENTOS DE LONGITUD FIJA--INFORMACIÓN GENERAL
campo de control de longitud fija 150731s2012 mx r 000 0 spa d
020 ## - NÚMERO INTERNACIONAL NORMALIZADO PARA LIBROS
Número Internacional Estándar del Libro 9786077613770
035 ## - NÚMERO DE CONTROL DEL SISTEMA
Número de control de sistema UPN01000204653
049 ## - COLECCIÓN
Colección CG
050 #4 - SIGNATURA TOPOGRÁFICA DE LA BIBLIOTECA DEL CONGRESO
Número de clasificación LA428.7
Número de documento/Ítem C3.3
100 1# - ASIENTO PRINCIPAL--NOMBRE PERSONAL
Nombre de persona Castillo Troncoso, Alberto del
9 (RLIN) 36333
245 13 - MENCIÓN DE TÍTULO
Título La fotografìa y la construcción de un imaginario :
Resto del título ensayo sobre el movimiento estudiantil de 1968 /
Mención de responsabilidad, etc. Alberto del Castillo Troncoso.
260 ## - PUBLICACIÓN, DISTRIBUCIÓN, ETC.
Lugar de publicación, distribución, etc. México :
Nombre del editor, distribuidor, etc. Instituto Mora,
Fecha de publicación, distribución, etc. 2012.
300 ## - DESCRIPCIÓN FÍSICA
Extensión 331 p. :
Otras características físicas il.
650 #4 - ASIENTO SECUNDARIO DE MATERIA - TERMINO TEMATICO
Término de materia o nombre geográfico como elemento de entrada Movimientos estudiantiles
Subdivisión geográfica México
Subdivisión general Historia
Subdivisión cronológica Siglo XX
9 (RLIN) 4249
650 #4 - ASIENTO SECUNDARIO DE MATERIA - TERMINO TEMATICO
Término de materia o nombre geográfico como elemento de entrada Estudiantes universitarios
Subdivisión general Actividad política
Subdivisión geográfica México
9 (RLIN) 6834
650 #4 - ASIENTO SECUNDARIO DE MATERIA - TERMINO TEMATICO
Término de materia o nombre geográfico como elemento de entrada Masacre de Tlatelolco, 1968
9 (RLIN) 22454
650 #4 - ASIENTO SECUNDARIO DE MATERIA - TERMINO TEMATICO
Término de materia o nombre geográfico como elemento de entrada PRENSA Y POLITICA
9 (RLIN) 1457
905 ## - TIPO DE MATERIAL
Tipo de material Libro
Holdings
Estado de retiro Estado de pérdida Fuente del sistema de clasificación o colocación Estado dañado No para préstamo Código de colección Localización permanente Ubicación/localización actual Ubicación en estantería Fecha de adquisición Total de préstamos Renovaciones totales Clasificación Código de barras Fecha visto por última vez Fecha del último préstamo Número de copia Tipo de ítem Koha
    Library of Congress Classification     Colección General Bib. Gregorio Torres Quintero Bib. Gregorio Torres Quintero Planta baja 23/10/2023 16 1 LA428.7 C3.3 313644 03/06/2025 30/05/2025 1 Libro
    Library of Congress Classification     Colección General Bib. Gregorio Torres Quintero Bib. Gregorio Torres Quintero Planta baja 24/05/2023 21   LA428.7 C3.3 305661 20/05/2025 19/05/2025 1 Libro